00383nam a2200133Ia 4500003000400000008004100004040001600045082001600061100002500077245006700102260003800169650001700207650002500224GCL140319s9999 xx 000 0 eng d aGCL / cGCL04a792.03bT P1 aTAYLOR, JOHN RUSSELL10aTHE PENGUIN DICTIONARY OF THE THEATRE / cTAYLOR, JOHN RUSSELL a[S.N] : bPENGUIN BOOKS ، c199304aDICTIONARIES04aTHEATER - DICTIONARY